Utopia Forever : Visions of Architecture and Urbanism /

Gespeichert in:
Bibliographische Detailangaben
Weitere Verfasser: Klanten, Robert (Herausgegeben von), Feireiss, Lukas (Herausgegeben von)
Format: Buch
Sprache:Englisch
Veröffentlicht: Berlin : Gestalten, 2011
Schlagworte:
Tags: Tag hinzufügen
Keine Tags, Fügen Sie das erste Tag hinzu!

MARC

LEADER 00000nam a22000003a 4500
001 0006296
003 SK-STU
005 20190325134515.7
007 ta
008 150727s ----xo-----e------000-0-----d
020 |a 978-3-89955-335-2 
040 |a STU  |b slo 
041 0 |a eng 
044 |a gw 
245 1 0 |a Utopia Forever :  |b Visions of Architecture and Urbanism /  |c ed. Robert Klanten, Lukas Feireiss 
260 |a Berlin :  |b Gestalten,  |c 2011 
300 |a 256 s. 
650 0 7 |a urbanizmus sídiel 
650 0 7 |a ecotopia 
650 0 7 |a skyscrapers 
700 1 |a Klanten, Robert  |r Z6  |4 edt 
700 1 |a Feireiss, Lukas  |r Z6  |4 edt 
996 |b 284AU06492  |c A* 9416/U  |l AAKNAR  |s A  |a 24  |w 0006296_0001 
996 |b 284AU07142  |c A* 10372/U  |l AA2120  |s P  |a 0  |w 0006296_0002